LEADER 00823nam a2200181 u 4500 001 991004319338007536 005 20240419115804.0 008 240419s2022 it er 2 000 0 ita 040 $aBibl. Dip.le Aggr. Scienze Umane e Sociali - Sez. Studi Storici 082 04$a271.06 100 1 $aProdi, Paolo$0140047 245 10$aDiscorso conclusivo /$cPaolo Prodi 260 $aSpoleto :$bCentro italiano di studi sull'alto Medioevo,$c1996 300 $aP. [289]-306 ;$c21 cm 500 $aEstratto da: Dalla penitenza all'ascolto delle confessioni : il ruolo dei frati mendicanti : atti del 23. Convegno internazionale : Assisi, 12-14 ottobre 1995 / Società internazionale di studi francescani, Centro interuniversitario di studi francescani 912 $a991004319338007536 996 $aDiscorso conclusivo$94156741 997 $aUNISALENTO LEADER 01151nam0 22002891i 450 001 UON00002685 005 20231205101856.261 010 $a46-210-3578-9 100 $a20020107d1991 |0itac50 ba 101 $amul 102 $aJP 105 $a||||e ||||| 200 1 $aˆA ‰Dictionary of Loanwords Usage Katakana-English$dNichijo gairai yoho jiten$fPrem Motwani 210 $aTokyo$cMaruzen$d1991 215 $aXVIII, 258 p.$d18 cm 510 1$3UON00352117$aNichijo gairai yoho jiten / Prem Motwani 606 $aLingua giapponese$xDizionari$xKatakana$3UONC000836$2FI 620 $aJP$dTo?kyo?$3UONL000031 686 $aGIA II A$cGIAPPONE - LINGUISTICA - DIZIONARI$2A 700 1$aMOTWANI$bPrem$3UONV002491$0495690 712 $aMaruzen$3UONV251654$4650 801 $aIT$bSOL$c20250620$gRICA 899 $aSIBA - SISTEMA BIBLIOTECARIO DI ATENEO$2UONSI 912 $aUON00002685 950 $aSIBA - SISTEMA BIBLIOTECARIO DI ATENEO$dSI GIA II A 204 N $eSI SA 70552 5 204 N 996 $aDictionary of Loanwords Usage Katakana-English$91174824 997 $aUNIOR